| 000 | 00398nam a2200157Ia 4500 | ||
|---|---|---|---|
| 008 | 210210b1993 xxu||||| |||| 00| 0 eng d | ||
| 020 | _a81 206 0829 1 | ||
| 082 | _a924 MULM | ||
| 100 | _aMULLER (F Max). | ||
| 245 | _aMy autobiography: a fragment. | ||
| 260 |
_aND _bAsian Educational Services _c1993 |
||
| 300 | _axi,327 | ||
| 650 | _aMax Muller | ||
| 690 | _aAutobiography | ||
| 906 | _a059434 | ||
| 999 |
_c106814 _d106814 |
||